NFC technológia a možnosti jej využitia bakalárska práca

Saved in:
Bibliographic Details
Main Author: Pašiak, Miroslav
Corporate Author: Fakulta hospodárskej informatiky EU. Katedra aplikovanej informatiky
Other Authors: Cárachová, Magdaléna
Format: Book
Language:Slovak
Published: Bratislava 2014
Tags: Add Tag
No Tags, Be the first to tag this record!

MARC

LEADER 00000nbm a2200000 4500
001 0189757
005 20170201111133.4
041 0 |a slo 
044 |a SK 
245 1 0 |a NFC technológia a možnosti jej využitia  |b bakalárska práca  |c Miroslav Pašiak ; školiteľ: Magdaléna Cárachová 
264 1 |a Bratislava  |c 2014 
300 |a 36 s. 
100 1 |a Pašiak, Miroslav 
700 1 |a Cárachová, Magdaléna 
710 2 |a Fakulta hospodárskej informatiky EU. Katedra aplikovanej informatiky